| 000 | 01315nam a22002895a 4500 | ||
|---|---|---|---|
| 003 | OSt | ||
| 005 | 20161030145544.0 | ||
| 008 | 161030s2015 ua frb 000 0 ara d | ||
| 015 | _a2015/8812 | ||
| 020 | _a9789770478103 | ||
| 040 |
_aEG-ScBUE _bara _cEG-ScBUE |
||
| 043 | _af-ua--- | ||
| 082 | 0 | 4 |
_a344.620356 _bع ط ي _222 |
| 100 | 1 | _aعطية، أشرف شوقي عبدالوهاب. | |
| 245 | 1 | 4 |
_aالحماية الجنائية للسجين : _bدراسة مقارنة بين القانون الوضعي والشريعة الإسلامية / _cأشرف شوقي عبد الوهاب عطية. |
| 246 | 3 | 4 | _aالحماية الجنائة للسجين : دراسة مقارنة بين القانون الوضعي والشريعة الإسلامية |
| 260 |
_aالقاهرة : _bدار النهضة العربية، _c2015. |
||
| 300 |
_a1103 ص. ؛ _c24 سم. |
||
| 504 | _aيشتمل على إرجاعات ببليوجرافية. | ||
| 650 | 0 |
_aالمسجونون _xحقوق مدنية _zمصر _2BUEsh |
|
| 650 | 0 |
_aالدفاع عن المتهم (إجراءات جنائية) _zمصر _2BUEsh |
|
| 650 | 0 |
_aالدفاع عن المتهم (فقه إسلامي) _2BUEsh |
|
| 650 | 0 |
_aالجنايات (فقه إسلامي) _2BUEsh |
|
| 651 | _2BUEsh | ||
| 653 |
_bLLAAWW _cOctober2016 |
||
| 942 | _2ddc | ||
| 999 |
_c22925 _d22897 |
||